00173nam a22000857a 4500040000800000082001800008245002500026260002800051300000800079 cDLC a891.4393bMUF aChup /cMumtaz Mufti aLahorebAl-Faisalc2008 a252